000 02157nam0a2200373 4500
001 RU\NLR\BIBL_A\012874009
005 20230203125533.0
010 _a978-5-91845-094-9
_950
021 _aRU
_bКН-П-22-041192
_9КН-П-22-3557
035 _a(NLR Aleph) 012874009
035 _a(RuMoRGB)011123063
090 _a12498348
_c12498348
100 _a20220824d2021 u y0rusy50 ca
101 0 _arus
102 _aRU
105 _ay z 100zy
181 0 _ai4
_baxxe
182 0 _an
200 1 _aСборник тезисов XI конференции молодых учёных ИФАВ РАН, Черноголовка, 10 декабря 2021 года
_f[ИФАВ]
203 _aТекст
_bвизуальный
_cнепосредственный
210 _aЧерноголовка
_cИФАВ
_d2021
215 _a18, [1] с.
_d21
330 _aКонференция молодых учёных ИФАВ РАН впервые состоялась в декабре 2011 года, и с тех пор данное мероприятие стало ежегодным. Таким образом научная молодёжь института получает прекрасную возможность представить результаты своей работы, получить опыт устного выступления и обменяться знаниями с коллегами
606 1 _aФармацевтические препараты
_jТезисы докладов
_xРазработка
_91939450
_3RU\NLR\AUTH\661174364
606 1 _aНейропротекторы
_jТезисы докладов
_91949439
_3RU\NLR\AUTH\661179254
675 _a54(082)
_v4
686 1 _aР281.1я431(2)
686 1 _aР281.70я431(2)
710 0 2 _aИнститут физиологически активных веществ
_bКонференция молодых ученых
_cп.г.т. Черноголовка, Московская обл.
_d11
_f2021
_9813794
_3RU\NLR\AUTH\880573812
942 _cBOOK
980 _aNB